All about your car / (Record no. 1158)

MARC details
000 -LEADER
fixed length control field 00851cam a2200265 a 4500
005 - DATE AND TIME OF LATEST TRANSACTION
control field 20260322212049.0
008 - FIXED-LENGTH DATA ELEMENTS--GENERAL INFORMATION
fixed length control field data
010 ## - LIBRARY OF CONGRESS CONTROL NUMBER
LC control number 96035328
020 ## - INTERNATIONAL STANDARD BOOK NUMBER
International Standard Book Number 0931625327 (pbk.)
020 ## - INTERNATIONAL STANDARD BOOK NUMBER
International Standard Book Number 9780931625329 (pbk.)
040 ## - CATALOGING SOURCE
Original cataloging agency DLC
Transcribing agency DLC
Modifying agency DLC
050 00 - LIBRARY OF CONGRESS CALL NUMBER
Classification number TL152
Item number .K573 1997
082 00 - DEWEY DECIMAL CLASSIFICATION NUMBER
Classification number 629.28/72
Edition information 20
092 ## - LOCALLY ASSIGNED DEWEY CALL NUMBER (OCLC)
Classification number 629.28 K573 1997
001 - CONTROL NUMBER
control field data
100 1# - MAIN ENTRY--PERSONAL NAME
Personal name Kline, David Nigel,
Dates associated with a name 1950-
245 10 - TITLE STATEMENT
Title All about your car /
Statement of responsibility, etc. David Nigel Kline & Jamie Robertson.
250 ## - EDITION STATEMENT
Edition statement 1st ed.
260 ## - PUBLICATION, DISTRIBUTION, ETC.
Place of publication, distribution, etc. Salem, Or. :
Name of publisher, distributor, etc. Dimi Press,
Date of publication, distribution, etc. c1997.
300 ## - PHYSICAL DESCRIPTION
Extent 238 p. :
Other physical details ill. ;
Dimensions 23 cm.
500 ## - GENERAL NOTE
General note "Trouble shooting checklist for use with the book All about your car by David Kline and Jamie Robertson" tipped in at end (xxiv p.).
500 ## - GENERAL NOTE
General note Includes index.
650 #0 - SUBJECT ADDED ENTRY--TOPICAL TERM
Topical term or geographic name entry element Automobiles
General subdivision Maintenance and repair.
700 1# - ADDED ENTRY--PERSONAL NAME
Personal name Robertson, Jamie,
Dates associated with a name 1957-
Holdings
Withdrawn status Lost status Damaged status Not for loan Home library Current library Shelving location Date acquired Total checkouts Full call number Barcode Date last seen Price effective from Koha item type
        Centerville Centerville General stacks 22/03/2026   629.28/72 20 BC0011196 22/03/2026 22/03/2026 Books